|
|
|
แสดงรายละเอียดบรรณานุกรม |
|
|
Brief Record
: Get Marc (ISO 2709)
: E-mail record
: |
| LEADER : 00000nam 2200000uu 4500 | |||
| 001 13399114232 | |||
| 003 ULIB | |||
| 008 120305s2554||||th 000 0 tha d | |||
| 020 ^a9786167388205 | |||
| 060 04 ^aWA105^bC641 | |||
| 245 00 ^aClinical epidemiology /^cคณะบรรณาธิการ, กิตติ ต่อจรัส,สุธี พานิชกุล | |||
| 250 ^aพิมพ์ครั้งที่ 1 | |||
| 260 ^aกรุงเทพฯ :^bโครงการตำราวิทยาลัยแพทยศาสตร์พระมงกุฏเกล้า,^c2554 | |||
| 300 ^a129 หน้า :^bภาพประกอบ ;^c26 ซม. | |||
| 650 4 ^aระบาดวิทยา | |||
| 700 0 ^aกิตติ ต่อจรัส,^eบรรณาธิการ | |||
| 700 0 ^aสุธี พานิชกุล,^eบรรณาธิการ | |||
| 710 2 ^aโครงการตำราวิทยาลัยแพทยศาสตร์พระมงกุฎเกล้า | |||
| 945 ^p0^l0^i18901 | |||
| 945 ^p220^l0^i19157 | |||
| 995 ^aกัณชพร | |||
| 999 ^aใช้งานได้ทุกระบบ | |||
| คุณยังไม่ได้ล็อกอิน คุณสามารถมีกิจกรรมร่วมกับเว็บไซต์ได้ แต่ต้องล็อกอินก่อน :: |
|
รายการสื่อสารสนเทศ |
| สถานะ | |||||
| 1. | วิทยาศาสตร์การแพทย์ และสุขภาพ | WA105 C641 Barcode: 18901 | ►ส่วนจัดเก็บหนังสือเก่า นว. | บนชั้น ขอยืม | |
| 2. | วิทยาศาสตร์การแพทย์ และสุขภาพ | WA105 C641 ฉ.2 Barcode: 19157 | ►ส่วนจัดเก็บหนังสือเก่า นว. | บนชั้น ขอยืม | |
| รายการใกล้เคียง หัวเรื่อง [ระบาดวิทยา]
|
BibComment |
| คอมเมนท์ทรัพยากรรายการนี้ |
|
| |
Copyright 2026. Bcnsprnw @Library |
|